000 00484nam a22001817a 4500
003 OSt
005 20260414085513.0
008 260414b |||||||| |||| 00| 0 eng d
020 _a0-449-24448-2.
040 _aDWC-Main lib.
_cOC
082 _aFic. E22 1980
100 _aEden, Dorothy
245 _aThe American heiress/
_cDorothy Eden
260 _aNew York :
_bFawcett Crest,
_cc1980.
300 _a252 p. ;
_c17 cm.
650 _a1. Fiction.
942 _2ddc
_cFIC.
_hFic.
_n0
999 _c9413
_d9413